| 000 | 01185nam a22003497a 4500 | ||
|---|---|---|---|
| 003 | CHAP | ||
| 005 | 20220329143536.0 | ||
| 008 | 100429s2006 mx a r 00010 spa d | ||
| 010 | _a98285 | ||
| 011 | _a99257 | ||
| 020 | _a9709983059 | ||
| 035 | _a109942 | ||
| 040 | _cCHAP | ||
| 082 | 1 | 4 |
_a631.875 _bR61 |
| 100 | 1 |
_aRodríguez Salinas, Marcos Arturo. _998895 |
|
| 245 | 1 | 0 |
_aManual de compostaje municipal: _btratamiento de residuos sólidos urbanos _c/por Marcos Arturo Rodríguez Salinas y Ana Córdova y Vázquez |
| 260 |
_aMéxico, D.F. : _bSEMARNAT,INE _c2006 |
||
| 300 |
_a102 p. : _bilus. |
||
| 590 |
_aBATCH-UPD _b10 _c20130110 _lUCH01 _h1427 |
||
| 590 |
_aBATCH-UPD _b10 _c20130410 _lUCH01 _h0906 |
||
| 590 |
_aBATCH-UPD _b10 _c20130914 _lUCH01 _h0546 |
||
| 590 |
_aCONVERSION _b10 _c20130109 _lUCH01 _h1354 |
||
| 650 | 1 | 4 |
_aBasura _xReciclaje. _910760 |
| 650 | 1 | 4 |
_aCompost. _926105 |
| 650 | 1 | 4 |
_aDesperdicios _xUtilización. _932174 |
| 650 | 1 | 4 |
_aMateria orgánica. _972931 |
| 650 | 1 | 4 |
_aResiduos sólidos. _996119 |
| 700 | 1 |
_aCórdova Vázquez Ana. _927859 |
|
| 901 | _aBK | ||
| 942 | _cLIBRO | ||
| 949 |
_a631.875 R61 _bBC _cLIBRO _d33724002166678 _eLIBRO _h112419 _i109942 _si |
||
| 999 |
_c98285 _d98285 |
||